000 00267nam a22001097a 4500
999 _c155326
_d155326
082 _a
_b
100 _aShakuntala Panchal
245 _aBiharika samasik shabdkosh/
_cby Shakuntala Panchal.
260 _aKanpur:
_bAbhay Prakashan,
_c1999.
650 _a
942 _cBK